| 000 | 01173nam0a2200337 4500 | ||
|---|---|---|---|
| 001 | RU\NLR\BIBL_A\012846716 | ||
| 005 | 20220725142848.0 | ||
| 010 |
_a978-5-04-164982-1 _95000 |
||
| 021 |
_aRU _bКН-П-22-027629 _9КН-П-22-2371 |
||
| 035 | _a(NLR Aleph) 012846716 | ||
| 090 |
_a12413505 _c12413505 |
||
| 100 | _a20220713d2022 u y0rusy50 ca | ||
| 101 | 0 | _arus | |
| 102 | _aRU | ||
| 105 | _ay z 000ay | ||
| 181 | 0 |
_ai _baxxe |
|
| 182 | 0 | _an | |
| 200 | 1 |
_aБез крестной феи _eроман _fГалина Романова |
|
| 203 |
_aТекст _bвизуальный _cнепосредственный |
||
| 210 |
_aМосква _cЭксмо _d2022 |
||
| 215 |
_a316, [1] с. _d17 |
||
| 225 | 1 |
_aМетод женщины _eдетективы Галины Романовой |
|
| 320 | _aДр. кн. авт. на 2-й с. | ||
| 333 | _a16+ | ||
| 686 | 2 | _aШ6(2=Р)8-446 | |
| 700 | 1 |
_7ca _8rus _aРоманова _bГ. В. _cписатель _gГалина Владимировна _9120891 _3RU\NLR\AUTH\7711137 |
|
| 942 | _cBOOK | ||
| 980 | _aNB | ||